书目信息 |
| 题名: |
激光
|
|
| 作者: | ;《激光》编写组 编 | |
| 分册: | ||
| 出版信息: | 上海 上海人民出版社 1971 |
|
| 页数: | 223页 | |
| 开本: | 20cm | |
| 丛书名: | ||
| 单 册: | ||
| 中图分类: | TN249 | |
| 科图分类: | ||
| 主题词: | 激光技术 , 微波激射技术 | |
| 电子资源: | ||
| ISBN: | ||
| 000 | 00558nam0 2200205 450 | |
| 001 | 0652217719 | |
| 005 | 20060417143236.18 | |
| 010 | @dCNY0.41 | |
| 100 | @a20060417d1971 km y0chiy0120 ea | |
| 101 | 0 | @achi |
| 102 | @aCN@b310000 | |
| 200 | 1 | @a激光@Aji guang@f《激光》编写组编@F《ji guang》bian xie zu bian |
| 210 | @a上海@c上海人民出版社@d1971 | |
| 215 | 1 | @a223页@d20cm |
| 606 | 0 | @a激光技术 |
| 606 | 0 | @a微波激射技术 |
| 690 | @aTN249@v4 | |
| 711 | 0 | @a《激光》编写组@A《ji guang》bian xie zu@4编 |
| 801 | 0 | @aCN@bPFT@c20060417 |
| 905 | @a10447@dTN249@e7 | |
| 激光/《激光》编写组编.-上海:上海人民出版社,1971 |
| 223页;20cm |
| ISBN :CNY0.41 |
| ● |
| 相关链接 |
|
|
|
|
正题名:激光
索取号:TN249/7
 
预约/预借
| 序号 | 登录号 | 条形码 | 馆藏地/架位号 | 状态 | 备注 |
| 1 | 0011729 | 202168448 | 密集书库/ [索取号:TN249/7] | 在馆 | |
| 2 | 0011730 | 202168493 | 密集书库/ [索取号:TN249/7] | 在馆 | |
| 3 | 0016298 | 202168457 | 密集书库/ [索取号:TN249/7] | 在馆 |